000
00325nam a2200145Ia 4500
008
230312s9999||||xx |||||||||||||| ||und||
020
_a
0-19-280641-6
082
_a
503
_b
OXF
245
0
_a
Dictionary of Science
260
_b
Oxford Press
_a
UK
_c
2005
300
_a
880
546
_a
Eng.
650
_a
Dictionary
942
_c
BK
999
_c
4637
_d
4637